| 000 | 00745nam a2200229Ia 4500 | ||
|---|---|---|---|
| 003 | OSt | ||
| 005 | 20220923225420.0 | ||
| 006 | a|||||r|||| 00| 0 | ||
| 007 | ta | ||
| 008 | 220922b |||||||| |||| 00| 0 mar d | ||
| 024 | _a267,020 | ||
| 037 | _cTextual | ||
| 040 |
_aARTS _cARTS _bmar |
||
| 041 |
_2mar _amar |
||
| 082 | _aR65xK08w, 155L4 | ||
| 100 | _aपेंडसे, शंकर दामोदर | ||
| 245 | 0 | _aराजगुरू समर्थ रादास | |
| 246 | _aRājagurū samartha rādāsa | ||
| 260 |
_aपुणें _b केसरी प्रकाशन _c1974 |
||
| 942 |
_hR65xK08w, 155L4 _cTEXL _2CC |
||
| 999 |
_c378119 _d378119 |
||